[Event "Titled Tuesday intern op 18th May"]
[Site "Chess.com INT"]
[Date "2021.05.18"]
[Round "8"]
[White "Paichadze, Luka"]
[Black "Karpeshov, Oleg Mikhailovich"]
[Result "1-0"]
[WhiteElo "2565"]
[BlackElo "2297"]
[PlyCount "115"]
[EventDate "2021.05.18"]
[EventType "swiss (blitz)"]
[EventRounds "11"]
[EventCountry "USA"]
[SourceTitle "CBM 202 Extra"]
[Source "ChessBase"]
[SourceDate "2021.07.31"]
[SourceVersion "1"]
[SourceVersionDate "2021.07.31"]
[SourceQuality "1"]

1. e4 e6 2. b3 d5 3. Bb2 Nf6 4. e5 Nfd7 5. Qg4 c5 6. f4 g6 7. Nf3 Nc6 8. Bb5 Qc7 9. 0-0 a6 10. Bxc6 Qxc6 11. d3 Be7 12. Nbd2 b5 13. c4 Bb7 14. cxd5 Qxd5 15. Ne4 0-0-0 16. Rfd1 h5 17. Qh3 Kb8 18. Nfg5 Rhf8 19. Rac1 Rc8 20. Qe3 Ka8 21. h4 Bxg5 22. hxg5 h4 23. Kh2 Rh8 24. Rd2 h3 25. g3 Rc7 26. Nd6 Nb6 27. Nxb7 Kxb7 28. Bc3 Rc6 29. Ba5 Nd7 30. Rdc2 Rcc8 31. b4 Rc6 32. Rd2 Rhc8 33. bxc5 Nxc5 34. Rc3 Nd7 35. Rxc6 Rxc6 36. Qe4 Qxe4 37. dxe4 Nc5 38. Kxh3 Nxe4 39. Rd7+ Kc8 40. Rxf7 Rc2 41. Bb6 Rxa2 42. Re7 b4 43. Rxe6 b3 44. Bd4 Rd2 45. Ba1 b2 46. Bxb2 Rxb2 47. Rxa6 Nf2+ 48. Kg2 Ng4+ 49. Kf3 Nh2+ 50. Ke4 Rg2 51. Rxg6 Rxg3 52. f5 Kd7 53. Rg7+ Ke8 54. e6 Ng4 55. f6 Nf2+ 56. Kf4 Rg4+ 57. Kf5 Rxg5+ 58. Rxg5 1-0

[Event "Titled Tuesday intern op 16th Feb"]
[Site "Chess.com INT"]
[Date "2021.02.16"]
[Round "6"]
[White "Karpeshov, Oleg Mikhailovich"]
[Black "Mazi, Leon"]
[Result "0-1"]
[WhiteElo "2297"]
[BlackElo "2340"]
[PlyCount "92"]
[EventDate "2021.02.16"]
[EventType "swiss (blitz)"]
[EventRounds "11"]
[EventCountry "USA"]
[SourceTitle "EXT 2022"]
[Source "ChessBase"]
[SourceDate "2021.10.06"]
[SourceVersion "1"]
[SourceVersionDate "2021.10.06"]
[SourceQuality "1"]

1. d4 Nf6 2. c4 d6 3. Nf3 Nbd7 4. Nc3 g6 5. e4 Bg7 6. Be2 0-0 7. 0-0 c6 8. Qc2 e5 9. Rd1 exd4 10. Nxd4 Qe7 11. Bf1 Re8 12. f3 a5 13. Bg5 Ne5 14. Qd2 Qc7 15. Rac1 a4 16. Be3 Qa5 17. Qc2 Qb4 18. a3 Qa5 19. Qe2 Ned7 20. Nc2 Bf8 21. Bf4 Ne5 22. Kh1 Nfd7 23. Ne3 Nc5 24. Rc2 Nb3 25. Na2 Qc5 26. Nb4 Nd4 27. Rxd4 Qxd4 28. c5 Nd7 29. cxd6 Qf6 30. Bg3 Bxd6 31. Ng4 Qe7 32. Bf2 Nf8 33. Nh6+ Kg7 34. Qd2 f6 35. h3 Be6 36. Ng4 Bb3 37. Qh6+ Kg8 38. Rd2 Rad8 39. Bh4 Nd7 40. e5 Bxe5 41. Re2 Qg7 42. Qe3 Bf7 43. Qa7 c5 44. Nd3 Bd4 45. Nf4 g5 46. Re7 Rxe7 0-1

[Event "Titled Tuesday intern op 16th Feb"]
[Site "Chess.com INT"]
[Date "2021.02.16"]
[Round "1"]
[White "Mayaud, Raphael"]
[Black "Karpeshov, Oleg Mikhailovich"]
[Result "0-1"]
[WhiteElo "2202"]
[BlackElo "2297"]
[PlyCount "60"]
[EventDate "2021.02.16"]
[EventType "swiss (blitz)"]
[EventRounds "11"]
[EventCountry "USA"]
[SourceTitle "EXT 2022"]
[Source "ChessBase"]
[SourceDate "2021.10.06"]
[SourceVersion "1"]
[SourceVersionDate "2021.10.06"]
[SourceQuality "1"]

1. d4 Nf6 2. Bg5 d5 3. Bxf6 exf6 4. e3 Bd6 5. g3 0-0 6. Bg2 c6 7. Ne2 f5 8. Nd2 Nd7 9. 0-0 Nf6 10. c4 Be6 11. Rc1 g6 12. Nf4 Bxf4 13. gxf4 dxc4 14. Nxc4 Qe7 15. a3 Rad8 16. b4 Nd5 17. Qc2 h6 18. Ne5 Kh7 19. Qc5 Qh4 20. Qxa7 Rb8 21. Qc5 g5 22. fxg5 hxg5 23. Qd6 Rbd8 24. Qc5 Kg7 25. Qc2 Rh8 26. Nf3 Qh5 27. h3 f4 28. e4 Bxh3 29. exd5 Bxg2 30. Kxg2 Qg4# 0-1

[Event "Titled Tuesday intern op 16th Feb"]
[Site "Chess.com INT"]
[Date "2021.02.16"]
[Round "3"]
[White "Pajeken, Jakob Leon"]
[Black "Karpeshov, Oleg Mikhailovich"]
[Result "1-0"]
[WhiteElo "2323"]
[BlackElo "2297"]
[PlyCount "183"]
[EventDate "2021.02.16"]
[EventType "swiss (blitz)"]
[EventRounds "11"]
[EventCountry "USA"]
[SourceTitle "EXT 2022"]
[Source "ChessBase"]
[SourceDate "2021.10.06"]
[SourceVersion "1"]
[SourceVersionDate "2021.10.06"]
[SourceQuality "1"]

1. d4 Nf6 2. Nf3 e6 3. Bf4 d5 4. e3 Bd6 5. c3 0-0 6. Bg3 c5 7. Nbd2 Qc7 8. dxc5 Qxc5 9. Be2 Bxg3 10. hxg3 Nc6 11. a3 Rd8 12. Qc2 h6 13. c4 Qe7 14. 0-0 d4 15. exd4 Nxd4 16. Nxd4 Rxd4 17. Nf3 Rd8 18. Ne5 Qc5 19. Nd3 Qc7 20. Bf3 e5 21. Rfe1 Bf5 22. Be2 Rd4 23. Qb3 Rad8 24. Nb4 a5 25. Nc2 Rd2 26. Ne3 Be6 27. Qb5 Ne4 28. Rac1 b6 29. b4 Rb2 30. c5 bxc5 31. Qxa5 Qxa5 32. bxa5 Ra2 33. Bc4 Bxc4 34. Nxc4 Nxf2 35. Nxe5 f6 36. Ra1 Rb2 37. Rab1 Ra2 38. Ra1 Rc2 39. Rac1 Rcd2 40. Nf3 Ra2 41. Ra1 Rxa1 42. Rxa1 Ne4 43. Re1 f5 44. Rc1 Ra8 45. Ne5 Rxa5 46. Nc4 Rb5 47. Kh2 Rb3 48. a4 Nf6 49. a5 Ng4+ 50. Kg1 Rb8 51. Ra1 Ra8 52. a6 Nf6 53. Nb6 Ra7 54. Nc8 Rc7 55. a7 Rxc8 56. a8Q Rxa8 57. Rxa8+ Kf7 58. Rc8 Ne4 59. g4 fxg4 60. Kf1 Kf6 61. Ke2 g5 62. Ke3 Nd6 63. Rc6 Ke5 64. Rxc5+ Ke6 65. Rc6 Ke5 66. Ra6 Nf5+ 67. Kf2 h5 68. Ra5+ Kf4 69. Ra4+ Ke5 70. g3 Nd4 71. Ra5+ Ke4 72. Rxg5 h4 73. gxh4 g3+ 74. Rxg3 Nf5 75. Rg4+ Ke5 76. Kf3 Kf6 77. Rf4 Kg6 78. Kg4 Nh6+ 79. Kg3 Nf5+ 80. Kh3 Nh6 81. Re4 Nf5 82. Ra4 Kf6 83. Ra6+ Ke5 84. Kg4 Ne3+ 85. Kg5 Ke4 86. Ra4+ Ke5 87. h5 Nd5 88. Ra5 Ke6 89. Rxd5 Kxd5 90. h6 Ke6 91. h7 Kf7 92. h8Q 1-0

[Event "Titled Tuesday intern op 12th Jan"]
[Site "Chess.com INT"]
[Date "2021.01.12"]
[Round "7"]
[White "Aravindh, Chithambaram VR"]
[Black "Karpeshov, Oleg Mikhailovich"]
[Result "1-0"]
[WhiteElo "2641"]
[BlackElo "2297"]
[PlyCount "121"]
[EventDate "2021.01.12"]
[EventType "swiss (blitz)"]
[EventRounds "11"]
[EventCountry "USA"]
[SourceTitle "CBM 200 Extra"]
[Source "ChessBase"]
[SourceDate "2021.03.31"]
[SourceVersion "1"]
[SourceVersionDate "2021.03.31"]
[SourceQuality "1"]

1. Nf3 Nf6 2. b3 c5 3. Bb2 Nc6 4. e3 d6 5. Bb5 Bd7 6. 0-0 a6 7. Be2 e5 8. d4 cxd4 9. exd4 e4 10. Nfd2 d5 11. c4 Bf5 12. Re1 Be7 13. Nf1 0-0 14. Ne3 Be6 15. Nc3 Nb4 16. a3 Nd3 17. Bxd3 exd3 18. Qxd3 dxc4 19. bxc4 b5 20. cxb5 axb5 21. d5 Bc5 22. Rad1 Bd7 23. Nb1 Ra6 24. Nd2 Re8 25. h3 Qa8 26. Nb1 Ne4 27. Nc3 Nxc3 28. Qxc3 Bf8 29. d6 Rc8 30. Qe5 Re8 31. Qg3 Re6 32. Ng4 Rg6 33. Re7 Raxd6 34. Rxd7 Rxd1+ 35. Rxd1 h5 36. Qf3 Qxf3 37. gxf3 hxg4 38. fxg4 f5 39. f3 fxg4 40. hxg4 Ra6 41. Rd3 b4 42. axb4 Bxb4 43. Rd7 Bf8 44. Be5 Re6 45. Rd5 Kf7 46. Kg2 Be7 47. Rb5 Bf6 48. Rb7+ Kg6 49. Bg3 Re2+ 50. Kh3 Re3 51. f4 Kh7 52. g5 Bc3 53. Kg4 Kg8 54. f5 Be5 55. Bxe5 Rxe5 56. Rb8+ Kf7 57. g6+ Ke7 58. Rg8 Kf6 59. Rf8+ Ke7 60. Rf7+ Ke8 61. Rxg7 1-0

[Event "Titled Tuesday intern op 12th Jan"]
[Site "Chess.com INT"]
[Date "2021.01.12"]
[Round "8"]
[White "Karpeshov, Oleg Mikhailovich"]
[Black "Kosteniuk, Alexandra"]
[Result "1/2-1/2"]
[WhiteElo "2297"]
[BlackElo "2474"]
[PlyCount "75"]
[EventDate "2021.01.12"]
[EventType "swiss (blitz)"]
[EventRounds "11"]
[EventCountry "USA"]
[SourceTitle "CBM 200 Extra"]
[Source "ChessBase"]
[SourceDate "2021.03.31"]
[SourceVersion "1"]
[SourceVersionDate "2021.03.31"]
[SourceQuality "1"]

1. d4 Nf6 2. c4 e6 3. Nc3 Bb4 4. e3 b6 5. Nge2 Ne4 6. Bd2 Nxd2 7. Qxd2 Bb7 8. a3 Bxc3 9. Nxc3 0-0 10. d5 d6 11. g3 Nd7 12. Bg2 e5 13. 0-0 f5 14. f4 e4 15. b4 Qf6 16. Ne2 b5 17. cxb5 Nb6 18. Nc3 Nc4 19. Qc1 a6 20. Nxe4 fxe4 21. Qxc4 axb5 22. Qxc7 Bxd5 23. Rfd1 Bb3 24. Rdb1 Bc4 25. Bxe4 Rae8 26. Qc6 Qc3 27. Bd5+ Kh8 28. Bxc4 bxc4 29. Re1 Rxe3 30. Rxe3 Qxe3+ 31. Kg2 Qd4 32. Re1 Qd2+ 33. Kf1 Qxh2 34. Re8 Qh3+ 35. Kf2 Qh2+ 36. Kf1 Qh3+ 37. Kf2 Qh2+ 38. Kf1 1/2-1/2

[Event "Titled Tuesday intern op 12th Jan"]
[Site "Chess.com INT"]
[Date "2021.01.12"]
[Round "2"]
[White "Karpeshov, Oleg Mikhailovich"]
[Black "Terry, Renato"]
[Result "0-1"]
[WhiteElo "2297"]
[BlackElo "2504"]
[PlyCount "86"]
[EventDate "2021.01.12"]
[EventType "swiss (blitz)"]
[EventRounds "11"]
[EventCountry "USA"]
[SourceTitle "CBM 200 Extra"]
[Source "ChessBase"]
[SourceDate "2021.03.31"]
[SourceVersion "1"]
[SourceVersionDate "2021.03.31"]
[SourceQuality "1"]

1. d4 e6 2. e4 d5 3. Nd2 Be7 4. Bd3 c5 5. dxc5 Nf6 6. Qe2 0-0 7. Ngf3 a5 8. e5 Nfd7 9. c3 Nxc5 10. Bb5 Nc6 11. Nb3 a4 12. Nxc5 Bxc5 13. Bd3 f5 14. Bf4 Bd7 15. h4 Qb6 16. 0-0 Rfc8 17. a3 Be8 18. Ng5 Na5 19. g4 h6 20. Nh3 Bd7 21. Rae1 Nc4 22. gxf5 exf5 23. e6 Re8 24. Bxf5 Ra6 25. Qg4 Bxe6 26. Bxh6 Bf8 27. Ng5 Bxf5 28. Qxf5 Qg6 29. Qxg6 Rxg6 30. Rxe8 gxh6 31. f4 Rg7 32. Kh2 hxg5 33. fxg5 Rf7 34. Rxf7 Kxf7 35. Rb8 Bd6+ 36. Kh3 Bxb8 37. Kg4 Nxb2 38. Kf5 Nc4 39. g6+ Kg7 40. h5 Be5 41. h6+ Kxh6 42. Ke6 Bxc3 43. Kxd5 Nxa3 0-1

[Event "Titled Tuesday intern op 12th Jan"]
[Site "Chess.com INT"]
[Date "2021.01.12"]
[Round "1"]
[White "Makhnev, Vladimir"]
[Black "Karpeshov, Oleg Mikhailovich"]
[Result "0-1"]
[WhiteElo "2173"]
[BlackElo "2297"]
[PlyCount "68"]
[EventDate "2021.01.12"]
[EventType "swiss (blitz)"]
[EventRounds "11"]
[EventCountry "USA"]
[SourceTitle "CBM 200 Extra"]
[Source "ChessBase"]
[SourceDate "2021.03.31"]
[SourceVersion "1"]
[SourceVersionDate "2021.03.31"]
[SourceQuality "1"]

1. e4 e6 2. d4 d5 3. Bd3 dxe4 4. Bxe4 Nf6 5. Bf3 c5 6. Ne2 Nc6 7. Be3 cxd4 8. Nxd4 Ne5 9. Nc3 a6 10. 0-0 Qc7 11. Re1 Bd7 12. Qe2 Bd6 13. Rad1 Nc4 14. Bc1 0-0 15. Ne4 Nxe4 16. Bxe4 Bxh2+ 17. Kh1 Bd6 18. b3 Ne5 19. c4 Ng6 20. Bb2 Bb4 21. Rf1 Rad8 22. a3 Be7 23. Qh5 f5 24. Bb1 Nf4 25. Qh2 Rf6 26. Kg1 Rh6 27. Qg3 Rg6 28. Qf3 Rxg2+ 29. Qxg2 Nxg2 30. Kxg2 Bf6 31. Ba1 Qf4 32. f3 Be5 33. Rg1 Bc8 34. Nxe6 Qg3+ 0-1

[Event "Titled Tuesday intern op 29th Dec"]
[Site "Chess.com INT"]
[Date "2020.12.29"]
[Round "9"]
[White "Karpeshov, Oleg Mikhailovich"]
[Black "Guliev, Logman"]
[Result "0-1"]
[WhiteElo "2297"]
[BlackElo "2273"]
[PlyCount "106"]
[EventDate "2020.12.29"]
[EventType "swiss (blitz)"]
[EventRounds "11"]
[EventCountry "USA"]
[SourceTitle "CBM 200 Extra"]
[Source "ChessBase"]
[SourceDate "2021.03.31"]
[SourceVersion "1"]
[SourceVersionDate "2021.03.31"]
[SourceQuality "1"]

1. d4 d5 2. c4 e6 3. Nc3 Nf6 4. Nf3 Be7 5. Bg5 0-0 6. e3 h6 7. Bxf6 Bxf6 8. Qd2 b6 9. cxd5 exd5 10. Be2 Be6 11. b4 c6 12. 0-0 a5 13. a3 Nd7 14. Rab1 axb4 15. axb4 Ra3 16. Rfd1 b5 17. e4 dxe4 18. Nxe4 Bd5 19. Bd3 Nb6 20. Qf4 Be7 21. Ne5 Nc4 22. Bxc4 bxc4 23. Nc5 c3 24. Qc1 Qa8 25. Rd3 Bxc5 26. bxc5 Be4 27. Rg3 Bxb1 28. h4 Bg6 29. Qf4 Ra1+ 30. Kh2 c2 31. Rc3 c1Q 32. Rxc1 Rxc1 33. Qxc1 Qd8 34. Qf4 Qf6 35. Qg3 Rd8 36. Ng4 Qxd4 37. h5 Bxh5 38. Nxh6+ Kf8 39. Nf5 Qf6 40. Qc7 g6 41. Nd6 Kg7 42. f3 Rh8 43. Kg3 Ra8 44. Qxc6 Qg5+ 45. Kh3 Bg4+ 46. fxg4 Rh8+ 47. Kg3 Qe5+ 48. Kf3 Qc3+ 49. Kf2 Qd2+ 50. Kf3 Qd3+ 51. Kf2 Rh1 52. Ne8+ Kf8 53. Nd6 Rf1# 0-1